Statistics for Top 100 Biggest Cities in Oklahoma

Click here to take the quiz!

General Stats

  • This quiz has been taken 26 times
  • The average score is 18 of 100

Answer Stats

Population City % Correct
391,906Tulsa
100%
579,999Oklahoma City
95%
98,850Broken Arrow
84%
110,925Norman
79%
45,688Stillwater
63%
96,867Lawton
58%
81,405Edmond
58%
49,379Enid
58%
16,810Ada
47%
39,223Muskogee
47%
55,081Moore
47%
54,371Midwest City
42%
35,750Bartlesville
42%
12,051Woodward
37%
8,880Sallisaw
32%
25,387Ponca City
32%
24,283Ardmore
32%
11,442Guymon
32%
16,924Jenks
32%
18,383McAlester
32%
16,749El Reno
26%
5,310Hugo
26%
20,544Sapulpa
26%
17,395Mustang
21%
20,884Bixby
21%
15,753Tahlequah
21%
12,321Okmulgee
21%
29,857Shawnee
21%
10,191Guthrie
21%
7,010Idabel
16%
5,884Purcell
16%
8,323Wagoner
16%
4,633Kingfisher
16%
4,375Sayre
16%
8,520Poteau
16%
3,335Checotah
16%
9,033Clinton
16%
7,826Cushing
16%
11,146Choctaw
16%
22,709Yukon
16%
11,693Elk City
16%
28,915Owasso
16%
13,570Miami
16%
18,906Sand Springs
16%
23,431Duncan
16%
19,813Altus
11%
5,743Vinita
11%
10,833Weatherford
11%
4,120Broken Bow
11%
4,945Alva
11%
6,623Noble
11%
3,949Stilwell
11%
3,223Okemah
11%
3,100Chandler
11%
6,187Pauls Valley
11%
21,332Del City
11%
15,856Durant
11%
8,929The Village
11%
7,488Seminole
11%
7,092Blackwell
11%
3,107Atoka
5%
3,216Tonkawa
5%
3,251Cleveland
5%
9,943Coweta
5%
4,929Sulphur
5%
3,414Heavener
5%
3,584Pawhuska
5%
3,912Spencer
5%
3,940Frederick
5%
10,808Glenpool
5%
4,222Bristow
5%
6,762Anadarko
5%
16,036Chickasha
5%
19,051Bethany
5%
18,581Claremore
5%
6,623Grove
5%
5,095Harrah
5%
5,111Watonga
5%
7,151Catoosa
5%
5,606Collinsville
5%
5,720Piedmont
5%
6,019Tuttle
5%
7,670Blanchard
5%
3,432Dewey
0%
6,457Tecumseh
0%
10,043Warr Acres
0%
5,927Henryetta
0%
5,771Holdenville
0%
3,430Wewoka
0%
3,710Nichols Hills
0%
3,565Hominy
0%
5,054Lone Grove
0%
3,731Nowata
0%
3,756Hobart
0%
3,770Madill
0%
9,539Pryor Creek
0%
7,685Newcastle
0%
5,126Perry
0%
4,662Marlow
0%
3,034Tishomingo
0%

Score Distribution

Percentile by Number Answered

Percent of People with Each Score

Your Score History

You have not taken this quiz